书目信息 |
| 题名: |
信息材料
|
|
| 作者: | 干福熹 主编 | |
| 分册: | ||
| 出版信息: | 天津大学出版社 2000 |
|
| 页数: | 668页 | |
| 开本: | 20cm | |
| 丛书名: | ||
| 单 册: | ||
| 中图分类: | TN04 | |
| 科图分类: | ||
| 主题词: | 电子材料 | |
| 电子资源: | ||
| ISBN: | 7-5618-1388-0 | |
| 000 | 00489nam0 2200181 450 | |
| 001 | 0735592734 | |
| 005 | 20070906095312.73 | |
| 010 | @a7-5618-1388-0@d¥43.00 | |
| 100 | @a20070906d km y0chiy0120 ea | |
| 101 | 0 | @achi |
| 200 | 1 | @a信息材料@Axin xi cai liao@f干福熹主编@Fgan fu xi zhu bian |
| 210 | @c天津大学出版社@d2000 | |
| 215 | @a668页@d20cm | |
| 606 | 0 | @a电子材料 |
| 690 | @aTN04@v3 | |
| 701 | 0 | @a干福熹@Agan fu xi@4主编 |
| 801 | 0 | @aCN@bPFT@c20070906 |
| 905 | @a213230@dTN04@eP9@f1 | |
| 信息材料/干福熹主编.-天津大学出版社,2000 |
| 668页;20cm |
| ISBN 7-5618-1388-0:¥43.00 |
| ● |
| 相关链接 |
|
|
|
|
正题名:信息材料
索取号:TN04/P9
 
预约/预借
| 序号 | 登录号 | 条形码 | 馆藏地/架位号 | 状态 | 备注 |
| 1 | 7200787 | 272007874 | 密集书库-物理学院/ [索取号:TN04/P9] | 在馆 |